000 00732nam a2200229Ia 4500
001 16649
003 GE_BSU
008 181216s||||||||xx |||||||||||||| ||und||
040 _cGE_BSU
080 _a821.353.1-1
100 _aმელია, იაკობ
245 _aმზეო დამილოცე
245 _bრჩეული
245 _cრედ. ზ. ფირცხალაიშვილი. მხ. თ.დიასამიძე
260 _aბათუმი
260 _bსაბჭ. საქართველო
260 _c1981
300 _a189გვ. : პორტრ. ; 17სმ
653 _aმზეო დამილოცე
653 _aრჩეული
942 _cBK
999 _c49715
_d49715